Countries by Northerly and Southerly Points Quiz Stats

Quiz Updated Sep 21, 2012

Challenge
Share
Tweet
Embed
Score 0/21 Timer 05:00
3 Plays Today
Northerly Point Country % Correct
Point Barrow, AlaskaUnited States
89.9%
Cape Columbia, Ellesmere IslandCanada
84.1%
Cape Soya, HokkaidōJapan
81.3%
Meersel-Dreef, AntwerpBelgium
77.8%
Out Stack, Shetland IslandsUnited Kingdom
72.6%
Corner of Viale Vaticano and Via Leone IVVatican City
69%
Punta de Estaca de Bares, GaliciaSpain
65.6%
Mohe County, HeilongjiangChina
61.4%
Kolbeinsey, EyjafjarðarsýslaIceland
61.1%
La Quiaca, Jujuy ProvinceArgentina
60.5%
Mount CaburaíBrazil
55.1%
Northerly Point Country % Correct
Monumento 206 in Los AlgodonesMexico
52%
Karakoram Pass, Siachen GlacierIndia
50.1%
Bargen, Canton of SchaffhausenSwitzerland
44.5%
Cape Fligely, Franz Josef LandRussia
41.1%
Over Vlakte farm, Limpopo ProvinceSouth Africa
30.8%
Moimi Island, Torres Strait IslandsAustralia
27.3%
Dongyin, Matsu IslandsTaiwan
19.2%
Watershed of the IrrawadyMyanmar
16.4%
Reqqa Point, GozoMalta
15%
North of Liwa SirpeNicaragua
6.8%

You're not logged in!

Compare scores with friends on all Sporcle quizzes.
Join for Free
OR
Log In

You Might Also Like...

Show Comments

Extras

Top Quizzes Today


Score Distribution

Your Account Isn't Verified!

In order to create a playlist on Sporcle, you need to verify the email address you used during registration. Go to your Sporcle Settings to finish the process.

Report this User

Report this user for behavior that violates our Community Guidelines.

Details: